Mot mystérieux - Série 40 - Statistiques

Statistiques générales
  • Ce quiz a été pris 94 fois
  • Le résultat moyen est 5 sur 10
Statistiques - réponses
Indices Mot % Correct
déserte - flottante - beauté - réunion île
93%
rachidien- lacrymal- midi - carpien canal
85%
nettoyage - arabe - Bourges - rouleau printemps
62%
cours - classique - canards- sabre danse
56%
pain - maison - médecin - pâté campagne
47%
garde - armée - esprit - maillot corps
45%
aérien - bruits - mort - bus couloir
40%
aérien - tête - thermique - or pont
25%
conférence - rencontre - gloire - match sommet
13%
heure - sports - jardin - nucléaire hiver
11%
Aucun quiz correspondant
Distribution des résultats
% des personnes avec chaque résultat
Percentile par nombre de réponses
Votre historique - résultats
Vous n’avez pas pris ce quiz